000 00755nas a2200241 4500
001 BR9500672
003 BR-BrBNA
005 20231205093839.0
007 ta
008 230509b bl.|||p| |||| 00| 00por d
040 _aBR-BrBNA
_bpor
_cBiblioteca Nacional de Agricultura
041 _a(Pt)
072 _aH10
100 1 _aLink, D.
100 1 _aCosta, E.C.
245 1 _aDiametro dos galhos cortados por Oncideres spp. (Coleoptera: Cerambycidae)na regiao central do Rio Grande do Sul
650 _aAcacia Negra
650 _aSerrador
650 _aRio Grande do Sul
773 0 _tRevista de Agricultura (Brazil)
_xISSN 0034-7655
_g(Sep 1994), v. 69(2) p. 183-192
_wBR9500672
909 _a202311
_bLúcia
_c55
_dLúcia Elande
942 _2AGRIS
_n0
_cANA
999 _c140705
_d140705